00299nam a22000857a 4500008004100000082001500041245009700056260005100153300000900204230621b xxu||||| |||| 00| 0 eng d a328.3bCPA aReport of the Executive Committee 1982-83 and Proceedings of the General Assembly Kenya,1983 aLondonbCommonwealth Parliamentary Association a183p